000 00604nam a2200181Ia 4500
003 GCL
008 140319s9999 xx 000 0 ara d
040 _aGCL /
_cGCL
082 0 4 _a349.1
_bع ق
100 1 _aعبدالغنى محمود
245 1 0 _aالقانون الدولى الانسانى: دراسة مقارنة بالشريعة الاسلامية /
_cعبدالغنى محمود
260 _a[S.N] :
_bدار النهضة العربية ،
_c1991
300 _a214 ص
490 _a
650 0 4 _aالقانون الدولى
650 0 4 _aالقانون المقارن
942 _2ddc
_cBK
999 _c55542
_d55542